| 000 | 01132nam0a22002891 4500 | ||
|---|---|---|---|
| 001 | rc\2562506 | ||
| 005 | 20250623105331.0 | ||
| 035 | _a(NLR Aleph) 006727423 | ||
| 090 |
_a5508052 _c5508052 |
||
| 100 | _a20110914d1927 |||y0rusy50 ca | ||
| 101 | 0 | _arus | |
| 102 | _aRU | ||
| 105 | _aa z ||||| | ||
| 200 | 1 |
_aТепловоз, его экономические и технические достижения _fН. К. Мекк, К. К. Дмоховский, А. Б. Домбровский _gПод ред. Н. К. Мекка |
|
| 210 |
_aМосква _aЛенинград _cГос. изд-во _d1927 _eМосква _gтип. "Красный пролетарий" |
||
| 215 |
_a144 с., [3] вклад. л. черт. _cил., черт. _d28х19 см. |
||
| 300 | _aОбложка: Н. А. Седельников | ||
| 700 | 1 |
_aМекк _bН.К. _gНиколай Карлович |
|
| 701 | 1 |
_aДомбровский _bА.Б. |
|
| 701 | 1 |
_aДмоховский _bК.К. |
|
| 801 | 0 |
_aRU _bNLR _gpsbo |
|
| 801 | 1 |
_aRU _bELAR _2rusmarc |
|
| 852 |
_aNLR _j42/93 |
||
| 852 |
_aNLR _j124/264 |
||
| 942 | _cBOOK | ||
| 980 | _aNB | ||